Statistics for Argentina Map Quiz

Click here to take the quiz!

General Stats

  • This quiz has been taken 535 times
  • The average score is 13 of 24

Answers on the Map

Answers color-coded by a green-red scale on the quiz's map according to % correct below.
Loading ...
utf-8utf-8utf-8
 

Answer Stats

Answer% Correct
Buenos Aires
90%
Tierra del Fuego
78%
Misiones
63%
Jujuy
62%
Entre Ríos
62%
Córdoba
57%
Distrito Federal
57%
Mendoza
56%
Salta
56%
Corrientes
53%
Santa Fe
53%
Santa Cruz
51%
Chaco
49%
La Pampa
49%
Formosa
48%
Tucumán
48%
Río Negro
46%
Neuquén
45%
Chubut
42%
Santiago del Estero
41%
San Luis
41%
Catamarca
38%
La Rioja
38%
San Juan
35%

Score Distribution

Percentile by Number Answered

Percent of People with Each Score

Your Score History

You have not taken this quiz